Every Country by Top 3 Exports - Statistics

General Stats
  • This quiz has been taken 86 times
  • The average score is 168 of 191
Answer Stats
Country Product % Correct
Indonesia Minerals | Meat | Iron/Steel
100%
São Tomé and Príncipe Cocoa | Meat | Minerals
98%
Paraguay Grain/Seed | Meat | Minerals
98%
Seychelles Meat | Minerals | Copper
98%
Bahrain Minerals | Aluminum | Iron/Steel
98%
Trinidad and Tobago Minerals | Chemicals | Iron/Steel
98%
Samoa Minerals | Electronics | Meat
98%
Libya | Venezuela Minerals | Iron/Steel | Chemicals
98%
South Sudan Minerals | Iron/Steel | Fish
98%
Albania Minerals | Textiles/Clothing | Iron/Steel
98%
Ivory Coast Cocoa | Precious Metals | Minerals
96%
Kenya Coffee/Tea/Spices | Minerals | LIve Plants
96%
Bulgaria Electronics | Copper | Minerals
96%
Singapore Electronics | Machinery | Minerals
96%
Malaysia Electronics | Minerals | Machinery
96%
Malta Electronics | Pharmaceuticals | Minerals
96%
Maldives Fish | Meat | Iron/Steel
96%
Gambia Grain/Seed | Minerals | Sugar
96%
Saint Lucia Minerals | Beverages | Salt/Sulphur
96%
Nigeria Minerals | Cocoa | Fertilizer
96%
Cameroon Minerals | Cocoa | Wood
96%
Timor-Leste Minerals | Coffee/Tea/Spices
96%
Lithuania Minerals | Electronics | Furniture
96%
Croatia | India Minerals | Electronics | Machinery
96%
Antigua and Barbuda Minerals | Fish | Electronics
96%
Netherlands | United States Minerals | Machinery | Electronics
96%
Laos Minerals | Ore | Electronics
96%
Colombia Minerals | Precious Metals | Coffee/Tea/Spices
96%
Egypt Minerals | Precious Metals | Electronics
96%
Ghana Precious Metals | Minerals | Cocoa
96%
Togo Salt/Sulphur | Plastics | Minerals
96%
Belize Sugar | Fruit/Vegetables | Minerals
96%
Portugal Vehicles | Electronics | Minerals
96%
Latvia Wood | Electronics | Minerals
96%
Yemen Fish | Iron/Steel | Electronics
94%
Sudan Grain/Seed | Animals (Live) | Minerals
94%
Mozambique Minerals | Aluminum | Ore
94%
Montenegro Minerals | Beverages | Aluminum
94%
Fiji Minerals | Beverages | Fish
94%
Barbados Minerals | Beverages | Pharmaceuticals
94%
Brunei Minerals | Chemicals | Fertiliser
94%
Oman Minerals | Chemicals | Fertilizer
94%
Kazakhstan Minerals | Chemicals | Ore
94%
Kuwait Minerals | Chemicals | Vehicles
94%
Equatorial Guinea Minerals | Chemicals | Wood
94%
Republic of the Congo Minerals | Copper | Wood
94%
Algeria Minerals | Fertilizer | Chemicals
94%
Turkmenistan Minerals | Fertilizer | Cotton
94%
Ecuador Minerals | Fish | Fruits/Vegetables
94%
Norway Minerals | Fish | Machinery
94%
Tonga Minerals | Fruit/Vegetables | Fish
94%
Azerbaijan Minerals | Fruit/Vegetables | Plastics
94%
Iraq Minerals | Fruit/Vegetables | Ships
94%
Chad Minerals | Grain/Seed | Fruit/Vegetable
94%
Brazil Minerals | Grain/Seed | Ore
94%
Niger Minerals | Machinery | Fruit/Vegetables
94%
Australia | Mongolia Minerals | Ore | Precious Metals
94%
Gabon Minerals | Ore | Wood
94%
Bahamas Minerals | Paper | Fish
94%
Greece Minerals | Pharmaceuticals | Aluminum
94%
Saudi Arabia Minerals | Plastics | Chemicals
94%
Qatar Minerals | Plastics | Fertilizer
94%
United Arab Emirates Minerals | Precious Metals | Aluminum
94%
Senegal Minerals | Precious Metals | Chemicals
94%
Russia Minerals | Precious Metals | Fertilizer
94%
Papua New Guinea Minerals | Precious Metals | Ore
94%
Guyana Minerals | Rail | Precious Metals
94%
Cyprus Minerals | Ships | Pharmaceuticals
94%
Angola Minerals | Ships | Precious Metals
94%
Myanmar Minerals | Textiles | Cereals
94%
Canada Minerals | Vehicles | Machinery
94%
Bolivia Ore | Minerals | Precious Metals
94%
Belgium Pharmaceuticals | Minerals | Vehicles
94%
Uzbekistan Precious Metals | Cotton | Minerals
94%
Lebanon Precious Metals | Electronics | Iron/Steel
94%
Kyrgyzstan Precious Metals | Minerals | Ore
94%
Marshall Islands Ships | Fish | Minerals
94%
Spain | Turkey Vehicles | Machinery | Minerals
94%
Nicaragua Textiles | Precious Metals | Meat
92%
Burundi Coffee/Tea/Spices | Precious Metals | Ore
91%
Israel Electronics | Glass | Precious Metals
91%
Belarus Fertilizer | Wood | Meat
91%
Syria Meat | Fruit/Vegetables | Coffee/Tea/Spices
91%
Mauritius Meat | Sugar | Textiles
91%
Uruguay Meat | Wood | Grain/Seed
91%
Guinea | Sierra Leone Ore | Cocoa | Precious Metals
91%
Uganda Precious Metals | Coffee/Tea/Spices | Cocoa
91%
Armenia Precious Metals | Electronics | Ore
91%
Botswana Precious Metals | Ore | Electronics
91%
Suriname Precious Metals | Wood | Machinery
91%
Solomon Islands Wood | Ore | Meat
91%
New Zealand Dairy | Meat | Fruit/Vegetables
89%
Tunisia Electronics | Textiles | Meat
89%
Kiribati Fish | Ships | Meat
89%
Afghanistan Fruit/Vegetable | Cotton | Coffe/Tea/Spices
89%
United Kingdom Machinery | Precious Metals | Vehicles
89%
Nepal Meat | Coffee/Tea/Spices
89%
Peru Ore | Precious Metals | Fruit/Vegetables
89%
Tajikistan Ore | Precious Metals | Other Metal
89%
Lesotho Precious Metals | Beverages | Textiles
89%
Burkina Faso Precious Metals | Cotton | Fruits/Vegetables
89%
Mali Precious Metals | Cotton | Grain/Seed
89%
Tanzania Precious Metals | Fruit/Vegetables | Tobacco
89%
Dominican Republic Precious Metals | Glass | Tobacco
89%
Mauritania | Namibia Precious Metals | Ore | Fish
89%
South Africa Precious Metals | Ore | Vehicles
89%
Switzerland Precious Metals | Pharmaceuticals | Chemicals
89%
Liberia Precious Metals | Ships | Ore
89%
Jordan Textiles | Fertilizer | Precious Metals
89%
Central African Republic Aerospace | Precious Metals | Misc. Metals
87%
Georgia Beverages | Iron/Steel | Ore
87%
Benin Cotton | Grain/Seed | Meat
87%
Nauru Fish | Salt/Sulphur | Cereals
87%
Guatemala Fruit/Vegetables | Textiles | Coffee/Tea/Spices
87%
Cabo Verde Meat | Textiles | Toys/Games
87%
Zimbabwe Precious Metals | Tobacco | Nickel
87%
Malawi Tobacco | Fruit/Vegetables | Coffee/Tea/Spices
87%
Djibouti* Animals (Live) | Chemicals | Coffee/Tea/Spices
85%
Ukraine Cereals | Meat | Grain/Seed
85%
Argentina* Cereals | Meat | Vehicles
85%
Ethiopia Coffee/Tea/Spices | Grain/Seed | Live Plants
85%
Dominica Copper | Iron & Steel | Electronics
85%
Honduras Electronics | Coffee/Tea/Spices
85%
Serbia Electronics | Machinery | Copper
85%
North Korea Feathers (?) | Ore | Iron/Steel
85%
Iceland Fish | Aluminum | Glass
85%
Federated States of Micronesia Fish | Electronics | Glass
85%
Bhutan Iron/Steel | Aerospace | Salt/Sulphur
85%
Rwanda Ore | Coffee/Tea/Spices | Aerospace
85%
Democratic Republic of the Congo Copper | Ore | Misc. Metals
83%
Zambia Copper | Ore | Salt/Sulphur
83%
Tuvalu Fish | Ships | Electronics
83%
Vanuatu Fish | Ships | Grain/Seed
83%
Guinea-Bissau Fruit/Vegetables | Fish | Grain/Seed
83%
Madagascar Nickel | Coffee/Tea/Spices | Textiles
83%
Chile Ore | Copper | Fruit/Vegetable
83%
Sri Lanka Textiles | Coffee/Tea/Spices
83%
Bangladesh Textiles | Fish | Plastics
83%
Comoros Coffee/Tea/Spices | Ships | Oils/Sprays
81%
Andorra Electronics | Glass | Vehicles
81%
Estonia Electronics | Wood | Machinery
81%
Finland Machinery | Electronics | Paper
81%
Saint Vincent and the Grenadines Ships | Starches | Fish
81%
Costa Rica Glass | Fruit/Vegetable | Misc. Food Items
79%
Moldova Electronics | Grain/Seed | Cereals
77%
China | Thailand Electronics | Machinery | Vehicles
77%
Morocco Electronics | Vehicles | Fertilizer
77%
Hungary | Romania | South Korea Electronics | Vehicles | Machinery
77%
Poland Machinery | Electronics | Vehicles
77%
France | Sweden Machinery | Vehicles | Electronics
77%
Slovenia Pharmaceuticals | Electronics | Vehicles
77%
Cambodia Textiles | Cereals | Electronics
77%
El Salvador Textiles | Plastics | Electronics
77%
Czech Republic | Mexico | Slovakia Vehicles | Electronics | Machinery
77%
Germany | Japan Vehicles | Machinery | Electronics
77%
Saint Kitts and Nevis Aerospace | Electronics | Glass
75%
Philippines Electronics | Machinery | Glass
75%
Taiwan Electronics | Machinery | Plastics
75%
Vietnam Electronics | Machinery | Textiles
75%
Iran Plastics | Fruit/Vegetables | Ore
75%
North Macedonia Chemicals | Electronics | Furniture
74%
Bosnia and Herzegovina Electronics | Machinery | Furniture
72%
Austria Machinery | Electronics | Pharmaceuticals
72%
Italy Machinery | Pharmaceuticals | Vehicles
72%
Panama Pharmaceuticals | Electronics | Machinery
72%
Denmark Pharmaceuticals | Machinery | Electronics
72%
Pakistan Textiles | Cereals | Cotton
72%
Haiti Textiles | Oils/Sprays | Cocoa
72%
Somalia Animals (Live) | Grain/Seed | Machinery
70%
Luxembourg Machinery | Plastics | Vehicles
70%
Ireland Pharmaceuticals | Chemicals | Glass
70%
Cuba* Tobacco | Ore | Nickel
70%
Eritrea Ore | Textiles | Pharmaceuticals
68%
Palau Ships | Other | Machinery
66%
Grenada Starches | Beverages | Vehicles
66%
Jamaica Chemicals | Beverages | Misc. Food
60%
Eswatini Oils/Sprays | Sugars | Chemicals
43%
No matching quizzes found
Score Distribution
Percent of People with Each Score
Percentile by Number Answered
Your Score History
You have not taken this quiz